Statistics for Five Most Populated Countries in 2050 by Continent

Click here to take the quiz!

General Stats

  • This quiz has been taken 54,253 times
    (28,011 since last reset)
  • The average score is 26 of 30

Answer Stats

ContinentCountry% Correct
AsiaChina
99%
North AmericaUnited States
99%
AsiaIndia
98%
OceaniaAustralia
98%
North AmericaMexico
98%
EuropeFrance
97%
South AmericaBrazil
97%
North AmericaCanada
97%
EuropeRussia
97%
EuropeUnited Kingdom
97%
EuropeGermany
97%
OceaniaNew Zealand
96%
South AmericaArgentina
95%
AfricaNigeria
93%
EuropeItaly
93%
South AmericaColombia
92%
AfricaEgypt
91%
South AmericaPeru
90%
AsiaIndonesia
88%
South AmericaVenezuela
87%
AfricaD. R. Congo
84%
AsiaPakistan
83%
OceaniaPapua New Guinea
82%
OceaniaFiji
80%
AfricaEthiopia
78%
AsiaBangladesh
77%
North AmericaGuatemala
74%
North AmericaDominican Republic
66%
AfricaTanzania
61%
OceaniaSolomon Islands
61%

Score Distribution

Percentile by Number Answered

Percent of People with Each Score

Your Score History

You have not taken this quiz since the last reset